000 00542nam a2200205Ia 4500
003 GCL
008 140319s9999 xx 000 0 eng d
040 _aGCL /
_cGCL
082 0 4 _a055.43
_bM L
100 1 _aMESTERS, JEAN-PAUL
245 1 0 _aL'INDISPENSABLE POUR UNIX /
_cMESTERS, JEAN-PAUL
260 _a[S.N] :
_bMARABOUT UNIVERSITE ،
_c1992
300 _a446 P
490 _aMARABOUT
_v0
650 0 4 _aCOMPUTER SOFTWARE
650 0 4 _aUNIX
650 0 4 _aOPERATINGS SYSTEMS COMPUTERS
650 0 4 _aCOMPUTER PROGRM
942 _2ddc
_cBK
999 _c22709
_d22709